Les danses de A à Z - Statistiques

Statistiques générales
  • Ce quiz a été pris 1 272 fois
    651 depuis la dernière actualisation
  • Le résultat moyen est 9 sur 21
Statistiques - réponses
Lettre Danse % Correct
C Cachucha | Cake-walk | Calypso | Cancan | Carmagnole | Chacha | Cha-cha-cha | Chaconne | Charleston | Conga | Country | Cracovienne | Czardas | Classique | Contemporain
92%
S Salsa | Samba | Sarabande | Sardane | Scottish | Séguedille | Sévillane | Sicilienne | Sirtaki | Ska | Slow | Smurf | Swing
87%
J Java | Jerk | Jive | Jazz
86%
T Tamouré | Tango | Tarentelle | Techno | Twist | Two step
76%
R Reggae | Ridée | Rigaudon | Rock | Rondeau | Rumba
72%
V Valse
71%
H Habanera | Hip-hop | House | Hula-hoop
64%
B Bachata | Be-Bop | Biguine | Boléro | Boogie | Boogie-Woogie | Bossa nova | Boston | Bourrée | Branle | Break dance
62%
Z Zouk | Zumba
59%
F Fado | Fandango | Farandole | Flamenco | Fox-trot | French cancan
56%
M Macarena | Maclote | Madison | Mambo | Maraîchine | Marche | Matchiche | Mazurka | Menuet | Merengue | Milonga | Moon walk | Mutxiko
56%
P Paso doble | Passacaille | Passepied | Pastourelle | Pavane | Polka
41%
L Lambada | Lambeth walk | Laridé | Lindy hop | Limbo
35%
Q Quadrille | Quickstep
33%
K Kazatchok | Kuduro | Kizomba
21%
D Disco
12%
G Gaillarde | Galop | Gavotte | Gigue
9%
W West Coast Swing
4%
A Allemande | An-dro
3%
O One step
2%
E East Coast Swing
1%
Aucun quiz correspondant
Distribution des résultats
% des personnes avec chaque résultat
Percentile par nombre de réponses
Votre historique - résultats
Vous n’avez pas pris ce quiz depuis la dernière actualisation